| 000 | 00868nam a2200277 a 4500 | ||
|---|---|---|---|
| 001 | 000011404 | ||
| 003 | DO-SdBNP | ||
| 005 | 20220926110850.0 | ||
| 007 | ta | ||
| 008 | 830722s1983 ilu b 001 0 eng | ||
| 010 | _a82071876 | ||
| 020 | _a0870942492 | ||
| 040 |
_aDO-SdBNP _bspa _cBNPHU |
||
| 082 | 0 | 0 |
_axxx _bG946 _222 |
| 245 | 0 | 2 |
_aA Guide to psychotherapy and patient relationships / _cMichael J. Lambert, editor. |
| 260 |
_aHomewood, Illinnois _bDow Jones-Irwin, _c1983. |
||
| 300 |
_axiii, 309 p. ; _c24 cm. |
||
| 440 | 0 |
_aDorsey professional series _927031 |
|
| 500 | _aSpine title: Psychotherapy and patient relationships. | ||
| 504 | _aIncludes bibliographies and index. | ||
| 590 | _aInventariado, 2022 / DG | ||
| 700 | 1 |
_aLambert, Michael J. _927033 |
|
| 740 | 0 | _aPsychotherapy and patient relationships. | |
| 910 | _aDG | ||
| 942 |
_2ddc _cLBS1 |
||
| 999 |
_c11110 _d11110 |
||